Colección de los discursos más interesantes para precaver al pueblo del contagio de la filosofía

Detalles Bibliográficos
Autor principal: TURCHI, Adeodato ( Fray )
Formato: Libro
Publicado: México 1856
Materias:
Colección:Banco de datos
Acervo:Biblioteca del Ex Convento de Nuestra Señora de Guadalupe. Zacatecas
Descripción Física:t. II
Tema general:Apologética
Notas:Buena. XII,5,25 (4121). Encuadernado con el tomo I
LEADER 00769nam a22002050004500
035 |a 44996 
036 |a 6180 
100 1 |a TURCHI, Adeodato ( Fray ) 
245 1 0 |a Colección de los discursos más interesantes para precaver al pueblo del contagio de la filosofía 
260 |a México  |b imp. Andrés Boix  |c 1856 
300 |a t. II 
500 |a Buena. XII,5,25 (4121). Encuadernado con el tomo I 
650 1 0 |a Apologética 
949 |a CRZ-CG 
959 |a Ex convento de Nuestra Señora de Guadalupe, Museo Regional de Zacatecas, Zacatecas  |b CCC4 
960 |a Convento de Nuestra Señora de Guadalupe, Zacatecas  |b DD87 
961 |a Franciscana  |b OF 
942 |c CRZ-CG 
943 |g Biblioteca del Ex Convento de Nuestra Señora de Guadalupe. Zacatecas 
999 |c 969123  |d 969123